=LDR 00000nam 2200000 4500 =001 INLIS000000000011748 =005 20130612103306 =008 ***********************************Ind** =035 ##$$0010-061300000011748 =041 ##$$a Ind =082 ##$$a 338.5 =090 ##$$a 338.5, Bud s =100 ##$$a Budiono =245 ##$$a seri Pengantar ilmu ekonomi No.1, Ekonomi micro, Boediono =260 ##$$a 2002 $b Yogyakarta =300 ##$$a xii, 222 hlm., 24 cm =650 ##$$a Ekonomi Mikro =850 ##$$a NBPNMAT